000
00339 a2200157 4500
001
160462
020
_a
040
_c
Magnum
100
_a
Bueno, Maria Celia
240
1
0
_a
No telhado onde dorme o gato
_l
por
245
1
0
_a
No telhado onde dorme o gato
362
0
_a
1899
440
1
_a
Alphabeto
697
_a
I/ANIMAIS
942
_c
BK
999
_c
160462
_d
160462